000
00316nam a2200133Ia 4500
005
20251222140112.0
008
251222s1900||||xx |||||||||||||| ||spa||
020
_a
84-7490-426-9
082
_a
128.6/C39
100
_a
Anrubia Aparisi, Enrique & otros
245
0
_a
Vulnerables:
264
_b
Encuentro
942
_c
LIB
999
_c
4344
_d
4344